Výbor z malomestských rozprávok

Bibliographic Details
Main Author: Jesenský, Janko, 1874-1945 (Author)
Format: Book
Language:Undetermined
PhysicalDescription:72 s.
Published: Turč. Sv. Martin MS 1934

MARC

LEADER 00000nam a2200000 a 4500
001 vtls001343404
003 SK-MaSNL
005 20260301235942.0
008 240315s1934 xx 0 und
035 |a SNK000296578 
040 |a SNK  |b slo  |c SNK  |e AACR2 
100 1 |a Jesenský, Janko,  |d 1874-1945  |4 aut  |9 185488 
245 1 |a Výbor z malomestských rozprávok 
260 |a Turč. Sv. Martin  |b MS  |c 1934 
300 |a 72 s. 
999 |c 977366  |d 979296 
952 |t P60, <05>, [BOOK], {605}  |a SNK  |b SNK  |y PREZ  |7 0  |p 17A0163105  |o snkSD 612/38 D1  |0 0  |1 0  |4 0  |d 1998-09-29  |l 0  |r 2005-01-02 00:00:00  |w 2026-02-24 
952 |t P60, <04>, [BOOK], {604}  |a SNK  |b SNK  |y VYP  |7 0  |p 17A0370153  |o snkSD 612/38 D2  |0 0  |1 0  |4 0  |d 2003-01-14  |l 0  |r 2005-01-02 00:00:00  |w 2026-02-24